1247 1403 1246 1719 1505 1713 1856 1004 1020 1215 1283 1442 1728 1984 1055 1285 1337 1768 1184 1637 1107 1835 1595 1814 1206 1239 1481 1470 1082 1210 1625 1440 1183 1545 1695 1057 1532 1766 1732 1743 1609 1426 1662 1297 1350 1882 1002 1937 1529 1554 1664 1025 1504 1322 1370 1172 1046 1067 1495 1453 1873 1820 1656 1062 1237 1408 1228 1096 1224 1967 1484 1572 1738 1238 1004 1078 1025 1754 1654 1866 1432 1792 1708 1391 1307 1525 1497 1320 1737 1468 1250 1619 1444 1958 1188 1990 1097 1279 1669 BCNSPRNW ULIB Ver.6.0+V

เปลี่ยนเป็นภาษาไทย

Change to English
 แสดงรายละเอียดบรรณานุกรม
  กลับหน้าหลัก

Brief Record : Get Marc (ISO 2709) : E-mail record : QR code < ปิดหน้าต่าง
LEADER : 00000nam 2200000uu 4500
001    13399124588
003     ULIB
008    151014s2558||||th 000 0 tha d
020    ^a9786167388779
060  4 ^aQV4^bน695ต
100 0  ^aนิสามณี สัตยาบัน
245 00 ^aตำราเรียนลัดเภสัชวิทยา=^bFast track in pharmacology /^cบรรณาธิการ,นิสามณี สัตยาบัน...[และคนอื่นๆ]
250    ^aพิมพ์ครั้งที่ 1
260    ^aกรุงเทพฯ :^bโครงการตำราวิทยาลัยแพทยศาสตร์พระมงกุฎเกล้า,^c2558.
300    ^a278 หน้า :^bภาพประกอบ ;^c26 ซม.
650  4 ^aPharmacology
700 0  ^aสุภัททา เต็มบุญเกียรติ,^eบรรณาธิการ
700 0  ^aเจนยุทธ ไชยสกกุล,^eบรรณาธิการ
700 0  ^aจีรานุช ตันคณิตเลิศ,^eบรรณาธิการ
700 0  ^aศราวุธ จินดารัตน์,^eบรรณาธิการ
700 0  ^aอนุพงษ์ กันธิวงศ์,^eบรรณาธิการ
710 2  ^aโครงการตำราวิทยาลัยแพทศาสตร์พระมงกฎเกล้า
945    ^p380^l0^i23231
945    ^p380^l0^i23232
945    ^p380^l0^i23233
945    ^p380^l0^i23234
945    ^p380^l0^i23235
945    ^p380^l0^i23236
945    ^p380^l0^i23237
999    ^aทศพร
รายการนี้ยังไม่มีแท็ก
คุณยังไม่ได้ล็อกอิน คุณสามารถมีกิจกรรมร่วมกับเว็บไซต์ได้ แต่ต้องล็อกอินก่อน ::
  ล็อกอิน

รายการสื่อสารสนเทศ

ลำดับที่ ประเภท เลขเรียก/บาร์โค้ด สถานที่ สถานะ
1. วิทยาศาสตร์การแพทย์ และสุขภาพ
วิทยาศาสตร์การแพทย์ และสุขภาพ
สถานะ=หนังสือเก่า
QV4 น695ต ฉ.1 
  Barcode: 23231
ห้องสมุดวิทยาเขตนครสวรรค์
►ส่วนจัดเก็บหนังสือเก่า นว.
บนชั้น
  ขอยืม
2. วิทยาศาสตร์การแพทย์ และสุขภาพ
วิทยาศาสตร์การแพทย์ และสุขภาพ
สถานะ=หนังสือเก่า
QV4 น695ต ฉ.2 
  Barcode: 23232
ห้องสมุดวิทยาเขตนครสวรรค์
►ส่วนจัดเก็บหนังสือเก่า นว.
บนชั้น
  ขอยืม
3. วิทยาศาสตร์การแพทย์ และสุขภาพ
วิทยาศาสตร์การแพทย์ และสุขภาพ
สถานะ=หนังสือเก่า
QV4 น695ต ฉ.3 
  Barcode: 23233
ห้องสมุดวิทยาเขตนครสวรรค์
►ส่วนจัดเก็บหนังสือเก่า นว.
บนชั้น
  ขอยืม
4. วิทยาศาสตร์การแพทย์ และสุขภาพ
วิทยาศาสตร์การแพทย์ และสุขภาพ
สถานะ=หนังสือเก่า
QV4 น695ต ฉ.4 
  Barcode: 23234
ห้องสมุดวิทยาเขตนครสวรรค์
►ส่วนจัดเก็บหนังสือเก่า นว.
บนชั้น
  ขอยืม
5. วิทยาศาสตร์การแพทย์ และสุขภาพ
วิทยาศาสตร์การแพทย์ และสุขภาพ
สถานะ=หนังสือเก่า
QV4 น695ต ฉ.5 
  Barcode: 23235
ห้องสมุดวิทยาเขตนครสวรรค์
►ส่วนจัดเก็บหนังสือเก่า นว.
บนชั้น
  ขอยืม
6. วิทยาศาสตร์การแพทย์ และสุขภาพ
วิทยาศาสตร์การแพทย์ และสุขภาพ
สถานะ=หนังสือเก่า
QV4 น695ต ฉ.6 
  Barcode: 23236
ห้องสมุดวิทยาเขตนครสวรรค์
►ส่วนจัดเก็บหนังสือเก่า นว.
บนชั้น
  ขอยืม
7. วิทยาศาสตร์การแพทย์ และสุขภาพ
วิทยาศาสตร์การแพทย์ และสุขภาพ
สถานะ=หนังสือเก่า
QV4 น695ต ฉ.7 
  Barcode: 23237
ห้องสมุดวิทยาเขตนครสวรรค์
►ส่วนจัดเก็บหนังสือเก่า นว.
บนชั้น
  ขอยืม

รายการใกล้เคียง
    ผู้แต่ง [นิสามณี สัตยาบัน]

    หัวเรื่อง [Pharmacology]

BibComment


ยังไม่เคยถูกคอมเมนท์

คอมเมนท์ทรัพยากรรายการนี้
  คอมเมนท์: ตำราเรียนลัดเภสั..


 Copyright 2026. Bcnsprnw @Library